000 00783nam a2200289 a 4500
003 AR-BaBNM
005 20251128205412.0
008 082120s2002 ||||||||||||||000 | spa||
020 _a84-7232-468-0
040 _cAR-BaBNM
100 1 _aMoncada, Alberto
245 0 0 _aNorteamérica con acento hispano
260 _aMadrid
_bInstituto de Cooperación Iberamericana
_c1988
300 _a169 p.
_bgráfs.
490 0 _aHispana
500 _aContiene referencias bibliográficas en p. 165
650 4 _aSOCIOLOGIA URBANA
650 4 _aMEDIO SOCIAL
650 4 _aDEMOGRAFIA
650 4 _aMINORIAS ETNICAS
650 4 _aMINORIAS LINGÜISTICAS
650 4 _aSOCIOLOGIA ECONOMICA
650 4 _aIDEOLOGIAS
651 4 _aEstados Unidos
942 _cBK
998 _cMARTIN
999 _c11289
_d11289